000 01170nmc a2200385 a 4500
003 AR-BaBNM
005 20251128204928.0
008 011101s1995 ||||||||||||||000 | spa||
020 _a84-7112-310-X
040 _cAR-BaBNM
245 1 0 _aMétodos cualitativos y cuantitativos en la investigación evaluativa
250 _a2ª ed.
260 _aMadrid
_bEdiciones Morata
_c1995
300 0 _a228 p.
_bil., tablas
490 0 _aPedagogía. La pedagogía hoy
504 _aLa bibliografía aparece al final de cada capítulo
650 4 _aINVESTIGACION EN CIENCIAS SOCIALES
650 4 _aMETODOS DE INVESTIGACION
650 4 _aANALISIS CUANTITATIVO
650 4 _aANALISIS CUALITATIVO
650 4 _aESTUDIOS DE CASOS
651 4 _aEspaña
653 _aINVESTIGACION EDUCATIVA
700 1 _aCook, Thomas D.
700 1 _aReichardt, Charles S.
700 1 _aSolana, Guillermo
_etraductor
700 1 _aAlvárez Mendez, Juan Manuel
_eprologuista
700 1 _aFilstead, William J.
700 1 _aCampbell, Donald T.
700 1 _aIanni, Francis A.J.
700 1 _aKnapp, Michael S.
700 1 _aKemper, Peter
942 _cBK
998 _csilvi
999 _c9367
_d9367